000
00300nam a2200133Ia 4500
008
190216s9999||||xx |||||||||||||| ||und||
100
_a
Vaish M C
245
0
_a
Macroeconomic Theory
250
_a
10th Ed.
260
_b
Wishwa Prakashan
_c
1995
300
_a
659
650
_a
Economics
942
_c
BK
999
_c
10164
_d
10164